KOHA-Header-6

The Business of Economics (Record no. 6771)

000 -LEADER
fixed length control field 00230nam a2200109Ia 4500
020 ## - INTERNATIONAL STANDARD BOOK NUMBER
ISBN 978-0198292227
100 ## - MAIN ENTRY--AUTHOR NAME
Personal name John Kay
245 #4 - TITLE STATEMENT
Title The Business of Economics
260 ## - PUBLICATION, DISTRIBUTION, ETC. (IMPRINT)
Place of publication New York
Name of publisher Pearson
Year of publication 1996
300 ## - PHYSICAL DESCRIPTION
Number of Pages 216
942 ## - ADDED ENTRY ELEMENTS (KOHA)
Koha item type Books
Holdings
Withdrawn status Lost status Collection code Permanent Location Current Location Shelving location Date acquired Full call number Accession Number Koha item type
    Economics MAJU MAJU Shelf No.A48 2019-09-11 330 209 Economics

Powered by Koha